Hechos y figuras
I tiakina i:
| Kaituhi matua: | |
|---|---|
| Hōputu: | Pukapuka |
| Reo: | Pāniora |
| I whakaputaina: |
Barcelona
Edisvensa
1968
|
| Rangatū: | Libros de Bolsillo Icazo. Documentos, 1
|
| Ngā marau: | |
| Ngā Tūtohu: |
Tāpirihia he Tūtohu
Kāore He Tūtohu, Me noho koe te mea tuatahi ki te tūtohu i tēnei pūkete!
|
MARC
| LEADER | 00000nam a2200000 a 4500 | ||
|---|---|---|---|
| 001 | UCT6762 | ||
| 003 | CL-VaPUC | ||
| 005 | 20241003123145.0 | ||
| 008 | 970113e19680000SP |||||||||||||||||spa|d | ||
| 999 | |c 255438 |d 255436 | ||
| 040 | |c Pontificia Universidad Católica de Valparaíso | ||
| 082 | 0 | 4 | |a 864 |b ARB |2 21 |
| 100 | 0 | |a Arbo, Sebastián Juan |e author |9 377000 | |
| 245 | 1 | 0 | |a Hechos y figuras |
| 260 | |a Barcelona |b Edisvensa |c 1968 | ||
| 300 | |a 325 p | ||
| 490 | 0 | |a Libros de Bolsillo Icazo. Documentos, 1 | |
| 583 | |a last modification |c 19970113 00:00:00 |k Rodrigo Vera | ||
| 600 | 0 | 7 | |a ZOLA, EMILE |2 CL-VaPUC |9 316220 |
| 600 | 0 | 7 | |a COLON, CRISTOBAL |2 CL-VaPUC |9 265189 |
| 600 | 0 | |a Horacio |9 267078 | |
| 600 | 0 | |a Azorín, |d 1873-1967 |q Martínez Ruiz, José |9 353525 | |
| 650 | 0 | |a Ensayos españoles |9 313128 | |
| 650 | 0 | |a Historia |9 255047 | |
| 650 | 0 | |a Modernismo |9 267987 | |
| 650 | 0 | |a Literatura |9 259151 | |
| 650 | 0 | |a Arte |9 265238 | |
| 650 | 0 | |a Poesía |9 265825 | |
| 650 | 0 | |a Escritores |9 313723 | |
| 650 | 0 | |a Pintores |9 265963 | |
| 651 | 0 | |a Europa |9 255156 | |
| 942 | |c BK |2 ddc | ||
| 945 | |d 19970113 00:00:00 |a nastorga | ||
| 952 | |0 0 |1 0 |4 0 |6 864_000000000000000_ARB_1968 |7 0 |8 A |9 277669 |a BIBEDU |b BIBEDU |d 2019-11-19 |i 3274179 |o 864 ARB 1968 |p 3274179 |r 2019-11-19 |w 2019-11-19 |y BK |k LIT | ||